000 00365nam a22001337a 4500
020 _a0-07-061251-X
082 _a300
_bBAH/Q
100 _aNALINI BAHL, SHOBHA BANERJEE
245 _aQUESTION BANK SERIES IN SOCIAL SCIENCE
_bFOR CLASS X
260 _aDELHI
_bTATA McGRAW HILL PUBLICATIONS
300 _a302
650 _aSOCIAL SCIENCE QUESTION BANK
_zINDIA
942 _cBK
999 _c873
_d873